• 首页
  • 本馆介绍
  • 公告通知
  • 最新文献
  • 馆藏检索
  • 电子资源
  • 读者导购
  • 参考咨询
  • 我的图书馆
  • 登录
  • 详细信息显示
  • 放入我的书架
  • 预约/预借图书
  • 作者相关作品
  • 分类相关作品
  • 丛书相关作品
  • 出版社相关作品

书目信息

  • 表格格式
  • 工作单格式
  • 卡片格式
题名:
瘦肉型猪安全生产技术指南
    
 
作者: 李学俭 主编
分册:  
出版信息: 北京   中国农业出版社  2013.01
页数: 242页
开本: 21cm
丛书名: 农产品安全生产技术丛书
单 册:
中图分类: S828.94
科图分类:
主题词: 肉用型--猪--饲养管理 , 肉用型 , 猪 , 饲养管理
电子资源:
ISBN: 978-7-109-17296-8
000 01044oam2 2200301 450
001 005883912
005 20140609084741.92
010    @a978-7-109-17296-8@dCNY16.00
100    @a20130425d2013 em y0chiy0110 ea
101 0  @achi
102    @aCN@b110000
105    @aak z 000yy
106    @ar
200 1  @a瘦肉型猪安全生产技术指南@9shou rou xing zhu an quan sheng chan ji shu zhi nan@f李学俭主编
210    @a北京@c中国农业出版社@d2013.01
215    @a242页@c图@d21cm
225 2  @a农产品安全生产技术丛书
330    @a本书根据现在瘦肉型猪生产中存在的主要问题,对品种、繁殖与改良、种猪选择、营养与饲料、猪场建造、饲养管理、猪病防制以及猪的保健等有关安全生产方面的内容进行了阐述。
333    @a本书适合广大养猪业生产经营者、科技工作人员和管理人员参考
461  0 @12001 @a农产品安全生产技术丛书
606 0  @a肉用型@x猪@x饲养管理
606 0  @a肉用型
606 0  @a猪
606 0  @a饲养管理
690    @aS828.94@v5
701  0 @a李学俭@9li xue jian@4主编
801  0 @aCN@b人天书店@c20130425
905    @b547931-34@dS828.94@e100@f4
    
    瘦肉型猪安全生产技术指南/李学俭主编.-北京:中国农业出版社,2013.01
    242页:图;21cm.-(农产品安全生产技术丛书)
    使用对象:本书适合广大养猪业生产经营者、科技工作人员和管理人员参考
    
    ISBN 978-7-109-17296-8:CNY16.00
    本书根据现在瘦肉型猪生产中存在的主要问题,对品种、繁殖与改良、种猪选择、营养与饲料、猪场建造、饲养管理、猪病防制以及猪的保健等有关安全生产方面的内容进行了阐述。
●
相关链接 在E读中查询图书 在五车中查询图书 在当当中查询图书 在豆瓣中查询图书


正题名:瘦肉型猪安全生产技术指南     索取号:S828.94/100         预约/预借

序号 登录号 条形码 馆藏地/架位号 状态 备注
1 547931   205479310   第二样本阅览室/ [索取号:S828.94/100] 在馆    
2 547932   205479329   密集书库-生命科学系/ [索取号:S828.94/100] 在馆    
3 547933   205479338   第三借阅区/ [索取号:S828.94/100] 在馆    
4 547934   205479347   第三借阅区/ [索取号:S828.94/100] 在馆    
唐山师范学院图书馆 欢迎您!
大连网信软件有限公司© 版权所有